[Event "Challenge"]
[Site "http://www.queenalice.com/game.php?id=93998"]
[Date "2006.8.8"]
[Round "-"]
[White "jefferson"]
[Black "dequeue"]
[Result "0-1"]
[WhiteElo "1425"]
[BlackElo "1526"]

1. e4 c5 2. Bc4 Nc6 3. Qf3 Ne5 4. Qc3 d6 5. Bb5+ Bd7 6. Bc4 b5 7. Bd5 Bc6 8. Qh3
Nf6 9. Bxc6+ Nxc6 10. Nc3 e6 11. Nxb5 Nxe4 12. d3 Qa5+ 13. Nc3 Nxc3 14. Bd2 Qa4
15. b3 Qa5 16. a4 Nb4 17. Rc1 Ncd5 18. c3 Nxd3+ 19. Qxd3 Qb6 20. c4 Nb4 21. Qe4
Rc8 22. Nf3 Qc6 23. Qh4 Nd3+ 24. Kd1 Nxc1 25. Bxc1 d5 26. Ne5 Qc7 27. Qg5 dxc4
28. bxc4 Qd8+ 29. Qd2 Bd6 30. Nf3 O-O 31. Ng5 Bf4 32. Nf3 Bxd2 33. Bxd2 Qf6 34.
h4 Rfd8 35. Ke1 Qa1+ 36. Ke2 Qxh1 37. Bg5 Qd1+ 38. Ke3 Qd3+ 39. Kf4 Qxc4+ 40.
Kg3 Rd1 41. Ne5 Qe2 42. h5 Qxe5+ 43. f4 Qe3+ 44. Kg4 Rg1 45. h6 Rxg2+ 46. Kh4
Qg3+ 47. Kh5 g6# 0-1

[Event "Challenge"]
[Site "http://www.queenalice.com/game.php?id=94015"]
[Date "2006.8.9"]
[Round "-"]
[White "marcosweck"]
[Black "jefferson"]
[Result "1-0"]
[WhiteElo "1490"]
[BlackElo "1325"]

1. e4 e5 2. Nf3 Nc6 3. Bc4 Nh6 4. d3 Bb4+ 5. c3 Ba5 6. Ng5 Qf6 7. Qf3 Rf8 8.
Qxf6 gxf6 9. Nxh7 Nd4 10. Na3 Rh8 11. Nxf6+ Kd8 12. Bd2 d6 13. cxd4 exd4 14.
Bxa5 b6 15. Bd2 Ng8 16. Nxg8 Rxg8 17. g3 Bg4 18. h3 Bf3 19. Rg1 c5 20. Nb5 a6
21. Nxd6 b5 22. Nxf7+ Ke7 23. Ne5 Bh5 24. Bxg8 Rxg8 25. g4 Be8 26. f4 c4 27.
dxc4 bxc4 28. Nxc4 Rh8 29. Rg3 Bb5 30. b3 d3 31. Rxd3 Bc6 32. e5 Be4 33. Rg3 Rd8
34. Rd1 Bc2 35. Bb4+ Ke8 36. Rxd8+ Kxd8 37. Rc3 Be4 38. e6 Ke8 39. e7 Bf3 40.
Ne5 a5 41. Rc8# 1-0

[Event "AUTO-INT-133"]
[Site "http://www.queenalice.com/game.php?id=94287"]
[Date "2006.8.10"]
[Round "1"]
[White "diegmr"]
[Black "jefferson"]
[Result "1-0"]
[WhiteElo "1903"]
[BlackElo "1332"]

1. d4 d5 2. c4 dxc4 3. e4 Nc6 4. Nf3 e6 5. Bxc4 Bb4+ 6. Nc3 Nf6 7. Bg5 Qd6 8. e5
Qe7 9. exf6 gxf6 10. Be3 Na5 11. Bb3 Qf8 12. O-O Qg7 13. Nb5 Rg8 14. g3 Bd7 15.
Nxc7+ Ke7 16. Nxa8 Rxa8 17. a3 Bd6 18. Rc1 Rg8 19. Ba2 f5 20. b4 Nc6 21. Nh4 1-0

[Event "AUTO-INT-133"]
[Site "http://www.queenalice.com/game.php?id=94288"]
[Date "2006.8.10"]
[Round "1"]
[White "jefferson"]
[Black "diegmr"]
[Result "0-1"]
[WhiteElo "1330"]
[BlackElo "1905"]

1. e4 c5 2. Qf3 e6 3. Nc3 Nf6 4. e5 Nd5 5. Be2 Nxc3 6. dxc3 Nc6 7. Nh3 Nxe5 8.
Qh5 Ng6 9. Bg5 f6 10. Bh4 d5 11. Bb5+ Bd7 12. Bd3 Qe7 13. Nf4 Qf7 14. Qg4 e5 15.
Qe2 Nxf4 16. Qe3 Nxg2+ 17. Ke2 Nxe3 18. fxe3 Qh5+ 19. Kd2 Qxh4 20. Raf1 c4 21.
Be2 Bc5 0-1

[Event "AUTO-INT-133"]
[Site "http://www.queenalice.com/game.php?id=94299"]
[Date "2006.8.10"]
[Round "1"]
[White "stonehengedog"]
[Black "jefferson"]
[Result "1-0"]
[WhiteElo "1621"]
[BlackElo "1350"]

1. d4 d5 2. c4 dxc4 3. e4 Be6 4. d5 Bd7 5. Bxc4 Nf6 6. Nc3 Bg4 7. f3 Bh5 8. Nge2
e6 9. dxe6 Qe7 10. exf7+ Bxf7 11. Bxf7+ Qxf7 12. O-O Bc5+ 13. Kh1 Qh5 14. Ng3
Qh4 15. Nd5 Nh5 16. Nxh5 Bd6 17. Nhf4 c6 18. g3 Qh6 19. Nc3 Bc5 20. Nd3 Qh5 21.
Nxc5 Qxc5 22. Bd2 Nd7 23. Rc1 O-O-O 24. Qe2 Rhe8 25. Be3 Qa5 26. Rfd1 Re6 27. a3
Qh5 28. b4 g5 29. g4 Qh4 30. Bf2 Qh3 31. Bg3 Rh6 32. Qg2 Nf6 33. Rxd8+ Kxd8 34.
Qxh3 Rxh3 35. Kg2 h5 36. Kxh3 b6 37. gxh5 Nxh5 38. Kg4 Nf6+ 39. Kxg5 Nh7+ 40.
Kg6 Nf8+ 41. Kf7 Nh7 42. Bh4+ Kc8 43. Kg7 Nf8 44. Kxf8 Kb7 45. e5 Kc7 46. Ne4
Kb8 47. Rxc6 Kb7 48. Rc3 Ka6 49. a4 Kb7 50. b5 a6 51. e6 axb5 52. axb5 Kb8 53.
e7 Ka8 54. e8=Q+ Kb7 55. Qc8+ Ka7 56. Rc7# 1-0

[Event "AUTO-INT-133"]
[Site "http://www.queenalice.com/game.php?id=94300"]
[Date "2006.8.10"]
[Round "1"]
[White "jefferson"]
[Black "stonehengedog"]
[Result "0-1"]
[WhiteElo "1394"]
[BlackElo "1575"]

1. e4 c5 2. Bc4 e6 3. Nc3 a6 4. d3 b5 5. Nxb5 axb5 6. Bxb5 Bb7 7. Nh3 Nc6 8. Bg5
Be7 9. Qg4 Bxg5 10. Nxg5 h6 11. Nh3 g5 12. f4 Nf6 13. Qf3 g4 14. Qg3 gxh3 15.
gxh3 Nd4 16. Ba4 Rxa4 17. Qg7 Rh7 18. Qg3 Nxc2+ 19. Ke2 Nxa1 20. Rxa1 Ke7 21. e5
Nd5 22. Qh4+ Ke8 23. Qg4 Nxf4+ 24. Kd2 Qa5+ 25. Ke3 Nd5+ 26. Kf3 Rxg4 27. Kxg4
Qb4+ 28. Kg3 Qxb2 29. Rg1 Rg7+ 30. Kh4 Rxg1 31. Kh5 Qxh2 32. Kh4 Nf4 33. a4
Qxh3# 0-1

[Event "AUTO-INT-133"]
[Site "http://www.queenalice.com/game.php?id=94305"]
[Date "2006.8.10"]
[Round "1"]
[White "dgrecu"]
[Black "jefferson"]
[Result "0-1"]
[WhiteElo "1441"]
[BlackElo "1286"]

1. e4 e5 2. Nf3 Nc6 3. Nc3 Bc5 4. Bc4 Nb4 5. a3 Nc6 6. b4 Bb6 7. d3 Qf6 8. O-O
d6 9. Nd5 Qg6 10. Be3 Bh3 11. Nh4 Qe6 12. Bxb6 Rc8 0-1

[Event "AUTO-INT-133"]
[Site "http://www.queenalice.com/game.php?id=94306"]
[Date "2006.8.10"]
[Round "1"]
[White "jefferson"]
[Black "dgrecu"]
[Result "1-0"]
[WhiteElo "1365"]
[BlackElo "1441"]

1. e4 e5 2. Nf3 Nc6 3. Nc3 Nf6 4. Bc4 h6 5. d3 Bb4 6. Bd2 d6 7. a3 Bxc3 8. Bxc3
Bg4 9. b4 Qe7 10. b5 Nd4 11. h3 Nxf3+ 12. gxf3 1-0

[Event "Challenge"]
[Site "http://www.queenalice.com/game.php?id=101070"]
[Date "2006.8.31"]
[Round "-"]
[White "bradd"]
[Black "jefferson"]
[Result "1-0"]
[WhiteElo "1438"]
[BlackElo "1376"]

1. e4 e5 2. d4 Nc6 3. Bc4 Nh6 4. Qf3 Nxd4 5. Qc3 Ng4 6. Nh3 Qh4 7. Be3 a6 8. Bb3
a5 9. Qc4 Bb4+ 10. Nd2 Nxe3 11. Qxf7+ Kd8 12. Qxg7 Re8 13. Ng5 Nexc2+ 14. Kf1
Nxa1 15. Qf6+ Be7 16. Nf7# 1-0

[Event "Challenge"]
[Site "http://www.queenalice.com/game.php?id=102647"]
[Date "2006.9.5"]
[Round "-"]
[White "bradd"]
[Black "jefferson"]
[Result "1-0"]
[WhiteElo "1535"]
[BlackElo "1394"]

1. e4 e5 2. Qf3 Nc6 3. h4 Nd4 4. Qd3 Qxh4 5. Rxh4 Be7 6. Rh1 Nf6 7. c3 Nc6 8. b4
d6 9. g3 Bg4 10. f3 Bh5 11. g4 Bg6 12. Qb5 Rb8 13. g5 a6 14. Qa4 Nh5 15. Bxa6
Ng3 16. Rh3 Bxg5 17. Rxg3 Bh4 18. Ne2 O-O 19. Bc4 b5 20. Bxb5 Ra8 21. Qb3 Na7
22. Qd5 Bh5 23. Kf2 Rab8 24. a4 Nc8 25. Qc6 Ne7 26. Qxc7 Ng6 27. Na3 Rbc8 28.
Qxd6 Be7 29. Qb6 f5 30. Bc4+ Kh8 31. d4 fxe4 32. Bg5 e3+ 33. Bxe3 Bh4 34. Rh1
Rxf3+ 35. Ke1 Rxe3 36. Kd2 Re4 37. Rxh4 Nxh4 38. Qe6 Re8 39. Qc6 Bg6 40. Rxg6
Nf3+ 41. Kd3 exd4 42. Qxe4 Ne1+ 43. Kxd4 Rd8+ 44. Bd5 hxg6 45. Nf4 g5 46. Qh1#
1-0

[Event "Challenge"]
[Site "http://www.queenalice.com/game.php?id=104670"]
[Date "2006.9.11"]
[Round "-"]
[White "Rodrigo_250s"]
[Black "jefferson"]
[Result "1-0"]
[WhiteElo "1342"]
[BlackElo "1371"]

1. e4 e5 2. Nc3 d6 3. Bb5+ c6 4. Be2 Qg5 5. Bf3 Nf6 6. h4 Qf4 7. d4 Nh5 8. Bxf4
Nxf4 9. dxe5 dxe5 10. Bg4 Nxg2+ 11. Kf1 Nf4 12. Bxc8 Bc5 13. Bxb7 Nd7 14. Bxa8
Nf6 15. Bxc6+ Ke7 16. Nh3 Ne6 17. Nd5+ Kf8 18. Nxf6 gxf6 19. Rg1 Nd4 20. Qg4 f5
21. Qg7+ Ke7 22. Qxe5+ Kf8 23. Qe8# 1-0

[Event "Challenge"]
[Site "http://www.queenalice.com/game.php?id=104956"]
[Date "2006.9.12"]
[Round "-"]
[White "bradd"]
[Black "jefferson"]
[Result "0-1"]
[WhiteElo "1513"]
[BlackElo "1363"]

1. e4 e5 2. Nf3 Nc6 3. Bb5 d6 4. Nc3 a6 5. Bxc6+ bxc6 6. d3 Qf6 7. h3 Qg6 8. g4
Nf6 9. Qe2 h5 10. g5 Nh7 11. a3 Nxg5 12. Nxg5 f6 13. Nf3 Qg2 14. Rg1 Qxh3 15.
Bd2 h4 16. O-O-O Qe6 17. Be3 a5 18. b3 d5 19. exd5 cxd5 20. Nb5 Qc6 21. a4 d4
22. Bxd4 Rb8 23. Na7 Ba3+ 24. Bb2 Qc5 25. Nxc8 Rxb3 26. Bxa3 Qxa3+ 27. Kd2 Qb4+
28. Ke3 Qf4# 0-1

[Event "Challenge"]
[Site "http://www.queenalice.com/game.php?id=104990"]
[Date "2006.9.12"]
[Round "-"]
[White "jefferson"]
[Black "deepbernt"]
[Result "0-1"]
[WhiteElo "1380"]
[BlackElo "1444"]

1. e4 e5 2. Nc3 Nf6 3. Bc4 Bc5 4. Qf3 Nc6 5. Qg3 O-O 6. d3 Nd4 7. Bh6 Nh5 8. Qg4
Nxc2+ 9. Kd1 Nxa1 10. Qxh5 gxh6 11. Qxh6 Kh8 12. Nf3 f6 13. Nd5 d6 14. Nh4 Bg4+
15. f3 Bh5 16. Qxh5 Rg8 17. Nf4 exf4 18. Be6 Qe8 19. Bf7 Qa4+ 20. b3 Qxa2 21.
Ng6+ Rxg6 22. Bxg6 Qc2+ 23. Ke1 Bb4+ 24. Kf1 Qd1+ 25. Kf2 Qd2+ 26. Kf1 Qe1# 0-1

[Event "Challenge"]
[Site "http://www.queenalice.com/game.php?id=105321"]
[Date "2006.9.13"]
[Round "-"]
[White "jefferson"]
[Black "marcosbratz"]
[Result "1-0"]
[WhiteElo "1344"]
[BlackElo "1273"]

1. e4 e5 2. Nf3 Nc6 3. Bc4 Bc5 4. Ng1 d6 5. Qf3 Nh6 6. d3 Nd4 7. Qg3 O-O 8. Bxh6
g6 9. Nh3 Re8 10. Ng5 Nxc2+ 11. Kd1 Nxa1 12. Bxf7+ Kh8 13. Nd2 Re7 14. Qf3 Qd7
15. Qf6# 1-0

[Event "Challenge"]
[Site "http://www.queenalice.com/game.php?id=108967"]
[Date "2006.9.23"]
[Round "-"]
[White "bradd"]
[Black "jefferson"]
[Result "0-1"]
[WhiteElo "1574"]
[BlackElo "1327"]

1. e3 e5 2. g3 d5 3. c3 Nf6 4. a3 Ne4 5. d3 Nxf2 6. Qf3 Nxd3+ 7. Bxd3 e4 8. Bxe4
dxe4 9. Qxe4+ Be6 10. Qxb7 Nd7 11. Qb5 Rb8 12. Qa4 Bc5 13. b4 Bb6 14. Nf3 O-O
15. Qb5 Qf6 16. O-O Bxe3+ 17. Bxe3 Rxb5 18. Nd4 Qe5 19. Rf3 Qe4 20. Nd2 Qd3 21.
Nxb5 Qxb5 22. a4 Qe2 23. Raf1 Ne5 24. Bc5 Ng4 25. R3f2 Qe5 26. Bxf8 Kxf8 27. Nf3
Qxc3 28. Ng5 Bc4 29. Rf3 Qd4+ 30. Kh1 Qd2 31. Rxf7+ Bxf7 32. Rxf7+ Ke8 33. Kg1
Qxg5 34. h3 Ne5 35. Rxc7 Qxg3+ 0-1

[Event "Challenge"]
[Site "http://www.queenalice.com/game.php?id=111121"]
[Date "2006.9.29"]
[Round "-"]
[White "jefferson"]
[Black "Capakhine"]
[Result "0-1"]
[WhiteElo "1301"]
[BlackElo "1685"]

1. e4 c5 2. Bc4 e6 3. Nc3 Nc6 4. Bb5 Nd4 5. Bc4 Nf6 6. e5 Ng4 7. f3 Nxe5 8. d3
d5 9. Bb5+ Nxb5 10. Nxb5 Qa5+ 11. Nc3 d4 12. f4 dxc3 13. fxe5 cxb2+ 14. Bd2
bxa1=Q 15. Qxa1 Qa4 16. Qb2 b6 17. Ne2 Bb7 18. Nc3 Qh4+ 19. g3 Qb4 20. Nd1 Qxb2
21. Nxb2 Bxh1 22. Nc4 b5 0-1

[Event "Challenge"]
[Site "http://www.queenalice.com/game.php?id=111187"]
[Date "2006.9.29"]
[Round "-"]
[White "jefferson"]
[Black "alequis"]
[Result "0-1"]
[WhiteElo "1344"]
[BlackElo "1364"]

1. e4 e5 2. Nc3 Nc6 3. Bc4 Nf6 4. Nf3 Bb4 5. Ng5 O-O 6. Qf3 Nd4 7. Qh3 Nxc2+ 8.
Kf1 Nxa1 9. Nd5 h6 10. d3 hxg5 11. Bxg5 Be7 12. Qg3 Nxd5 13. Bh6 Bf6 14. exd5 d6
15. h4 Bf5 16. h5 Kh8 17. Be3 Bh7 18. h6 g6 19. Ke2 Nc2 20. Bd2 Nd4+ 21. Kf1 b5
22. Bb3 Nxb3 23. axb3 a5 24. f4 exf4 25. Bxf4 Bxb2 26. Qe3 Qf6 27. Rh3 g5 28.
Rf3 Bd4 29. Bxg5 Qe5 30. Qd2 Qxd5 31. Bf6+ Bxf6 32. Rxf6 Bxd3+ 33. Kg1 Qxb3 34.
Qg5 Qb1+ 35. Kh2 Rg8 36. Qh5 Qb2 37. Qf3 Be4 38. Qh3 Rxg2+ 39. Kh1 Qc1+ 40. Rf1
Qxf1# 0-1

[Event "Challenge"]
[Site "http://www.queenalice.com/game.php?id=113158"]
[Date "2006.10.4"]
[Round "-"]
[White "jefferson"]
[Black "SirChris007"]
[Result "0-1"]
[WhiteElo "1312"]
[BlackElo "1426"]

1. e4 d5 2. Nc3 d4 3. Nd5 e6 4. Nf4 Bd6 5. Nge2 e5 6. Nd5 c6 7. Ng3 cxd5 8. exd5
Nf6 9. Bc4 a6 10. d3 b5 11. Bb3 Bb7 12. Nf5 Bb4+ 13. c3 dxc3 14. Nxg7+ Ke7 15.
Nf5+ Ke8 16. Ng7+ Ke7 17. Bg5 c2+ 18. Qd2 Bxd2+ 19. Kxd2 c1=Q+ 20. Raxc1 Rg8 21.
Nf5+ Ke8 22. d6 Rxg5 23. Nh6 Rxg2 24. Bxf7+ Kd7 25. Nf5 Rxf2+ 26. Ke1 Rxf5 27.
Rg1 Qa5+ 28. Ke2 Bf3+ 0-1

[Event "Challenge"]
[Site "http://www.queenalice.com/game.php?id=113281"]
[Date "2006.10.5"]
[Round "-"]
[White "jefferson"]
[Black "arniecoruja"]
[Result "0-1"]
[WhiteElo "1363"]
[BlackElo "1352"]

1. d4 Nf6 2. Bg5 Nc6 3. Nf3 h6 4. Bxf6 exf6 5. e4 d5 6. exd5 Qxd5 7. Nc3 Bb4 8.
Qe2+ Be6 9. a3 Qa5 10. Qe4 Bxc3+ 11. bxc3 Qxc3+ 12. Nd2 Qxa1+ 13. Ke2 O-O-O 14.
g3 Nxd4+ 15. Ke3 Qxa3+ 16. Bd3 Nxc2+ 17. Ke2 Nd4+ 18. Kd1 Bb3+ 19. Ke1 Qc1# 0-1

[Event "Challenge"]
[Site "http://www.queenalice.com/game.php?id=114151"]
[Date "2006.10.6"]
[Round "-"]
[White "jefferson"]
[Black "alequis"]
[Result "0-1"]
[WhiteElo "1355"]
[BlackElo "1478"]

1. e4 c6 2. Nc3 d5 3. d3 e5 4. Nf3 dxe4 5. Bg5 Be7 6. Nxe4 Bg4 7. h3 Bxf3 8.
Qxf3 Bxg5 9. Qf5 Bf4 10. Be2 Ne7 11. Qg4 O-O 12. Nf6+ Kh8 13. Nh5 Ng6 14. g3 Bh6
15. h4 Qb6 16. b3 Qd4 17. O-O Qxg4 18. Bxg4 Rd8 19. Rae1 Na6 20. Bh3 Nb4 21. g4
Bd2 22. Re2 Bc3 23. Re4 Nxh4 24. Re3 Nxc2 25. Rg3 Nb4 26. g5 Nxa2 27. Rg4 Nf3+
28. Kh1 Rxd3 29. g6 hxg6 30. Ng3 Bd4 31. Ne2 Nd2 32. Rh4+ Kg8 33. f4 Rxh3+ 34.
Rxh3 Nxf1 35. fxe5 Bxe5 36. Kg1 Nd2 37. Rd3 Ne4 38. Re3 f5 39. Rd3 Nac3 40. Nc1
Bf4 41. Rd7 b5 42. Rc7 Bxc1 43. Rxc6 g5 44. Rc7 a5 45. Kf1 g4 46. Rc6 f4 47. Rg6
g3 48. Kg2 Rf8 49. Kh3 f3 50. Kg4 f2 51. Ra6 f1=Q 52. Kh5 Qh3+ 53. Kg6 Qh6# 0-1

[Event "Challenge"]
[Site "http://www.queenalice.com/game.php?id=127445"]
[Date "2006.11.9"]
[Round "-"]
[White "TomBishop"]
[Black "jefferson"]
[Result "1-0"]
[WhiteElo "1335"]
[BlackElo "1328"]

1. e4 e5 2. c3 Nc6 3. d4 exd4 4. cxd4 Bb4+ 5. Nc3 Qe7 6. Bd2 Nxd4 7. Nd5 Nc2+ 8.
Qxc2 Qd6 9. Bxb4 c5 10. Qxc5 Qf4 11. Qf8# 1-0